| 000 | 00520nam a2200193Ia 4500 | ||
|---|---|---|---|
| 001 | 14984 | ||
| 003 | GE_BSU | ||
| 008 | 181216s||||||||xx |||||||||||||| ||und|| | ||
| 040 | _cGE_BSU | ||
| 080 | _a65(075.3) | ||
| 100 | _aБурков.В.Н. | ||
| 245 | _aЧеловек. Управление. Математика | ||
| 260 | _aМосква | ||
| 260 | _bПрсвещение | ||
| 260 | _c1989 | ||
| 300 | _a159стр.20см. | ||
| 653 | _aЧеловек. Управление. Математика | ||
| 942 | _cBK | ||
| 999 |
_c48103 _d48103 |
||